Famosos Futbolistas del Atlético Madrid por Imagen - Estadísticas

Estadísticas generales
  • Esta prueba ha sido intentada 1.197 veces
  • La puntuación promedio es 24 de 30
Estadísticas de respuestas
Imagen Respuesta % Correcto
Álvaro Morata
97%
Diego Simeone
97%
Antoine Griezmann
96%
Fernando Torres
96%
Jan Oblak
96%
David Villa
94%
João Félix
93%
Koke
93%
Thibaut Courtois
93%
David de Gea
92%
Marcos Llorente
91%
Diego Costa
90%
Diego Godín
88%
Radamel Falcao
88%
Sergio Agüero
88%
Memphis Depay
87%
Yannick Carrasco
85%
Diego Forlán
84%
Juanfran
84%
Saúl
84%
José Giménez
83%
Thomas Lemar
81%
Filipe Luís
79%
Lucas Hernandez
75%
Thomas Partey
75%
Gabi
73%
Hugo Sánchez
61%
José Antonio Reyes
52%
Paulo Futre
44%
Adelardo Rodriguez
7%
No se encontraron pruebas coincidentes
Distribución de puntuación
Porcentaje de gente con cada puntuación
Porcentaje por número respondido
Historial de tus puntuaciones
No has intentado esta prueba.